| 000 | nam a22 7a 4500 | ||
|---|---|---|---|
| 999 |
_c44123 _d44123 |
||
| 003 | OSt | ||
| 005 | 20180503120616.0 | ||
| 008 | 180503b xxu||||| |||| 00| 0 eng d | ||
| 028 | _bIIMT | ||
| 040 | _cIIMT UNIVERSITY, MEERUT | ||
| 050 |
_a624.125LAU _b305 |
||
| 082 |
_23RD _a624.125LAU _b305 |
||
| 100 | _aLAURSON, HL | ||
| 245 | _aSTRUCTURAL ANALYSIS | ||
| 260 |
_aDELHI _bM G H _c2014 |
||
| 300 | _b1ST ED.475 P P. | ||
| 760 | _b3RD ED. | ||
| 856 | _3PAPERBACK | ||
| 887 | _2ACCESSION REGISTER | ||
| 942 |
_2ddc _c01 _e3RD _k624.123LAU |
||